Online
Catalog

Checoslovaquia 1968 : (Record no. 22966)

MARC details
000 -CABECERA
campo de control de longitud fija 00814nam a2200229 a 4500
001 - NÚMERO DE CONTROL
campo de control 000023470
005 - FECHA Y HORA DE LA ÚLTIMA TRANSACCIÓN
campo de control 20200930022236.0
008 - DATOS DE LONGITUD FIJA--INFORMACIÓN GENERAL
campo de control de longitud fija 880701s1971 mx b 000 1 spa d
040 ## - FUENTE DE LA CATALOGACIÓN
Centro catalogador/agencia de origen DO-SdBNP
Lengua de catalogación spa
Centro/agencia transcriptor BNPHU
041 17 - CÓDIGO DE LENGUA
Código de lengua del texto/banda sonora o título independiente spa
Código de lengua original eng
Fuente del código Código de idiomas MARC
082 ## - NÚMERO DE LA CLASIFICACIÓN DECIMAL DEWEY
Número de clasificación nn*
Número de documento/Ítem nn*
049 ## - FONDOS LOCALES (OCLC)
Fondos de biblioteca BNGR
100 1# - ENTRADA PRINCIPAL--NOMBRE DE PERSONA
Nombre de persona Windsor, Philip.
9 (RLIN) 48361
240 10 - TÍTULO UNIFORME
Título uniforme Czechoslovakia 1968.
Lenguaje de la obra Español
245 10 - MENCIÓN DE TÍTULO
Título Checoslovaquia 1968 :
Resto del título reforma, represión y resistencia /
Mención de responsabilidad, etc. Philip Windsor y Adam Roberts ; prefacio Alastair Buchan ; traducción Rafael Quijano.
260 ## - PUBLICACIÓN, DISTRIBUCIÓN, ETC.
Lugar de publicación, distribución, etc. México, D. F. :
Nombre del editor, distribuidor, etc. Diana,
Fecha de publicación, distribución, etc. 1971.
300 ## - DESCRIPCIÓN FÍSICA
Extensión [237] p. ;
Dimensiones 21 cm.
534 ## - NOTA SOBRE LA VERSIÓN ORIGINAL
Encabezamiento principal del original Título original :
Mención de título del original Czechoslovakia 1968.
700 1# - PUNTO DE ACCESO ADICIONAL--NOMBRE DE PERSONA
Nombre de persona Roberts, Adam.
9 (RLIN) 48362
700 1# - PUNTO DE ACCESO ADICIONAL--NOMBRE DE PERSONA
Nombre de persona Quijano, Rafael,
Término indicativo de función/relación tr.
9 (RLIN) 40577
700 1# - PUNTO DE ACCESO ADICIONAL--NOMBRE DE PERSONA
Nombre de persona Buchan, Alastair,
Término indicativo de función/relación pról.
9 (RLIN) 48363
Holdings
Estado de retiro Estado de pérdida Restricciones de uso No para préstamo Código de colección Localización permanente Ubicación/localización actual Ubicación en estantería Fecha de adquisición Número de inventario Total de préstamos Signatura topográfica completa Código de barras Fecha visto por última vez Precio válido a partir de Tipo de ítem Koha Número de copia
        Monografías: Libros y Folletos General General En catalogación 09.12.2010 LF1   nn* nn* 23470-10 25.06.2020 25.06.2020 Préstamo en sala  
      Préstamo restrigido Monografías: Libros y Folletos General General En catalogación 09.12.2010 LF1   nn* nn* 23470-20 25.06.2020 25.06.2020 Préstamo en sala e. 2

Powered by Koha